000 00865cam a22002897a 4500
003 CHAP
005 20220329135053.0
008 971013s1958 r 00010 d
010 _a30440
011 _a31412
035 _a35524
040 _cCHAP
082 _a620.1
_bM35
100 0 0 _aMantell, Charles L.
_970584
245 0 _aEngineering material handbook
260 _aNew York :
_bMcGraw-Hill,
_c1958
300 _apág. varía
590 _aBATCH-UPD
_b10
_c20130110
_lUCH01
_h0000
590 _aBATCH-UPD
_b10
_c20130110
_lUCH01
_h1434
590 _aBATCH-UPD
_b10
_c20130410
_lUCH01
_h0909
590 _aBATCH-UPD
_b10
_c20130914
_lUCH01
_h1639
590 _aCONVERSION
_b10
_c20130109
_lUCH01
_h1317
650 1 4 _aIngeniería
_xMateriales.
_958189
901 _aBK
942 _cLIBRO
949 _a620.1 M35
_bBC
_cC
_d33724000498135
_eC
_h18518
_i35524
_si
_t312.50
999 _c30440
_d30440